Los bolcheviques y la revolución de octubre (Record no. 35028)

MARC details
000 -LEADER
campo de control de longitud fija 00693nam a2200193 i 4500
001 - NÚMERO DE CONTROL
campo de control 35028
003 - IDENTIFICADOR DE NÚMERO DE CONTROL
campo de control ES-MaACL
005 - FECHA Y HORA DE LA ÚLTIMA TRANSACCIÓN
campo de control 20230906155035.0
007 - CAMPO FIJO DE DESCRIPCIÓN FÍSICA--INFORMACIÓN GENERAL
campo de control de longitud fija t|
008 - DATOS DE LONGITUD FIJA--INFORMACIÓN GENERAL
campo de control de longitud fija 030211s1978 mx ||||1| spa d
080 ## - NÚMERO DE LA CLASIFICACIÓN DECIMAL UNIVERSAL
Número de la Clasificación Decimal Universal 947"1917/21"(093.2)
245 04 - MENCIÓN DEL TÍTULO
Título Los bolcheviques y la revolución de octubre
Resto del título : actas del Comité Central del Partido Obrero Socialdemócrata Ruso /
Mención de responsabilidad, etc. [introducción de Max Figueroa y Carlos Álvarez].
250 ## - MENCION DE EDICION
Mención de edición [2ª ed.].
260 ## - PUBLICACIÓN, DISTRIBUCIÓN, ETC.
Lugar de publicación, distribución, etc. México :
Nombre del editor, distribuidor, etc. Pasado y Presente,
Fecha de publicación, distribución, etc. [1978]
300 ## - DESCRIPCIÓN FÍSICA
Extensión XXX, 288 p. ;
Dimensiones 21 cm.
651 #4 - PUNTO DE ACCESO ADICIONAL DE MATERIA--NOMBRE GEOGRÁFICO
Nombre geográfico Rusia-
Subdivisión general Historia-
Subdivisión cronológica 1917-1921, Revolución-
Subdivisión de forma Fuentes.
9 (RLIN) 9338
700 1# - ENTRADA AGREGADA--NOMBRE PERSONAL
Nombre de persona Figueroa, Max.
9 (RLIN) 50787
852 ## - LOCALIZACIÓN
Ubicación ES-MaACL
Número de control de estantería A-10184
Sublocalización o colección R.99465
Holdings
Estatus retirado Estado de pérdida Estado de daño No para préstamo Biblioteca de origen Biblioteca actual Ubicación en estantería Fecha de adquisición Fuente de adquisición Total de préstamos Signatura topográfica completa Código de barras Visto por última vez Precio de reemplazo Tipo de ítem Koha
        Biblioteca del Ateneo de Madrid Biblioteca del Ateneo de Madrid Depósito 1 17/01/2008     A-10184 1036613 23/02/2023 23/02/2023 Libro impreso